00996nam a22002537a 45000010005000000030006000050050017000110080041000280200018000690400029000870500015001160820008001311000021001392450074001602500047002342600051002813000044003325050008003765200254003845210020006385210020006586500033006786500031007115287FISKH20241122153248.0241122b cb ||||| |||| 00| 0 eng d a9780061231995 aFISKHbengcFISKHdFISKH aPZ7.C88766 a256 aCrowley, Suzanne aThe Very Ordered Existence of Merilee Marvelous /cby Suzanne Crowley aFirst Greenwillow paperback edition , 2009 aNew York :bHarpersCollins Publishers ;c2007. a380 pages : billustrations ;c20 cm .  aS  aIn the small town of Jumbo, Texas, thirteen-year-old Merilee, who has Asperger's Syndrome, tries to live a "Very Ordered Existence," but disruptions begin when a boy and his father arrive in town and the youngster makes himself a part of the family.8 a800 bLexile 8 aS bRaz-Plus  aaspergers syndrone vfiction aemotional problemvfiction